| 000 | 00646nam a22002057a 4500 | ||
|---|---|---|---|
| 003 | 0 | ||
| 005 | 20241014124536.0 | ||
| 008 | 241014b xxu||||| |||| 00| 0 eng d | ||
| 020 | _a9781984680754 | ||
| 050 |
_aZ 286 _b.T57 2023 |
||
| 110 | _a3G E-Learning | ||
| 245 |
_a3G handy guide : _bdigital production and editing / _c3G E-Learning. |
||
| 250 | _a2nd ed. | ||
| 260 |
_aNew York, NY : _b3G E-Learning LLC, _c2023. |
||
| 300 |
_aviii, 228 p. : _bcol. ill. ; _c24 cm. |
||
| 504 | _aIncludes bibliographical references and index. | ||
| 650 |
_aElectronic publishing _vhandbooks, manuals, etc. |
||
| 650 | _aWeb publishing. | ||
| 942 |
_2lcc _cBK |
||
| 999 |
_c366530 _d366530 |
||